000
00413nam a2200133Ia 4500
008
100328s9999 xx 000 0 und d
082
_b
47674
100
_a
महाम्बरे गंगाधर
245
_a
भेटीलागी जीवा
260
_b
निशिराज
630
_a
भेटीलागी जीवा
730
_a
भेटीलागी जीवा
942
_c
BOOK
999
_c
535416
_d
535413